| 000 | 00594nam a2200229Ia 4500 | ||
|---|---|---|---|
| 003 | OSt | ||
| 005 | 20220928110218.0 | ||
| 006 | a|||||r|||| 00| 0 | ||
| 007 | ta | ||
| 008 | 220927b |||||||| |||| 00| 0 eng d | ||
| 024 | _a38431 | ||
| 037 | _cTextual | ||
| 040 |
_aSDCL _cSDCL _beng |
||
| 041 |
_2eng _aeng |
||
| 082 | _aV2:72'C, N6 | ||
| 100 |
_aVajpayi DineshCandra _9418587 |
||
| 245 | 0 | _aBhartia puralipi vidya | |
| 260 |
_aDelhi _bVidyanidhi _c1996 |
||
| 300 |
_a447p _ccm. |
||
| 942 |
_hV2:72'C, N6 _cTEXL _2CC |
||
| 999 |
_c734598 _d734598 |
||